| 000 | 01349nam a2200409 i 4500 | ||
|---|---|---|---|
| 001 | 56481 | ||
| 003 | KOSZ 005 | ||
| 005 | 20221129100423.0 | ||
| 008 | 090706s2006 pl a f f |000 0 pol | ||
| 020 | _a8301142022 | ||
| 040 |
_cKOSZ 005 _aKOSZ 005 _dKOSZ 005/HR |
||
| 046 | _k2004 | ||
| 080 | _a32-027.21 | ||
| 080 | _a316.325 | ||
| 080 | _a(075.8) | ||
| 100 | 1 |
_aŻyro, Tomasz _d(1955- ) _eAutor |
|
| 245 | 1 | 0 |
_aWstęp do politologii / _cTomasz Żyro. |
| 250 | _aWyd. 1 - 2 dodr. | ||
| 260 |
_aWarszawa : _bWydawnictwo Naukowe PWN, _c2006. |
||
| 300 |
_a308 s. ; _c24 cm. |
||
| 336 |
_2rdacontent _aTekst _btxt |
||
| 337 |
_2rdamedia _aBez urządzenia pośredniczącego _bn |
||
| 338 |
_2rdacarrier _aWolumin _bnc |
||
| 380 | _aKsiążki | ||
| 380 | _aPublikacje dydaktyczne | ||
| 385 |
_mPoziom nauczania _aSzkoły wyższe |
||
| 388 | _a2001- | ||
| 504 | _aBibliogr. s. 299-301. Indeks. | ||
| 650 | 4 | _aTeoria polityki | |
| 650 | 4 | _aSpołeczeństwo obywatelskie | |
| 655 | 4 | _aPodręczniki akademickie | |
| 658 | _aPolityka, politologia, administracja publiczna | ||
| 710 | 2 |
_aWydawnictwo Naukowe PWN _4pbl. |
|
| 856 |
_uhttp://koha.tu.koszalin.pl/cgi-bin/koha/opac-detail.pl?biblionumber=56481 _yKatalog online BPK |
||
| 856 |
_uhttp://libra.ibuk.pl/reader/166 _yIBUK |
||
| 942 |
_cKS _2UKD |
||
| 999 |
_c56481 _d56481 |
||